000 00320nam a22001337a 4500
008 170530b xxu||||| |||| 00| 0 eng d
020 _a01517436442
041 _aeng
080 _a94(100)
100 _a17
101 _aSHH
245 _aHISTORY OF THE WORLD THE LAST FIVE YEARS
_cELTON.D.R
942 _2udc
_cBK
999 _c15081
_d15081